[Event "Robecchetto Spring op 8th"]
[Site "Robecchetto"]
[Date "2011.05.12"]
[Round "6"]
[White "Libutti, Michele"]
[Black "Ongaro, Andrea"]
[Result "1-0"]
[WhiteElo "1776"]
[BlackElo "1528"]
[PlyCount "111"]
[EventDate "2011.04.07"]
[EventType "swiss"]
[EventRounds "7"]
[EventCountry "ITA"]
[SourceTitle "EXT 2024"]
[Source "ChessBase"]
[SourceDate "2023.10.10"]
[SourceVersion "1"]
[SourceVersionDate "2023.10.10"]
[SourceQuality "1"]

1. d4 Nf6 2. c4 e5 3. dxe5 Ng4 4. Nf3 Bc5 5. e3 Nc6 6. Nc3 Ngxe5 7. Nxe5 Nxe5 8. a3 a5 9. Ne4 Be7 10. b3 0-0 11. Bb2 d6 12. Be2 Kh8 13. 0-0 f5 14. Ng3 Bf6 15. Qc2 Ng6 16. Bxf6 Qxf6 17. f4 Nh4 18. Bd3 Bd7 19. Rae1 Bc6 20. e4 Rae8 21. Re2 Qd4+ 22. Kh1 fxe4 23. Bxe4 Bxe4 24. Rxe4 Rxe4 25. Qxe4 Qxe4 26. Nxe4 Re8 27. Re1 c6 28. Re2 Nf5 29. Nc3 Rxe2 30. Nxe2 Kg8 31. Kg1 Kf7 32. Kf2 d5 33. cxd5 cxd5 34. g4 Nd6 35. Ke3 b5 36. Nc3 b4 37. axb4 axb4 38. Nxd5 Ke6 39. Nxb4 g6 40. Nc6 h5 41. gxh5 gxh5 42. Nd4+ Kd5 43. f5 Ke5 44. b4 h4 45. Nf3+ Kxf5 46. Nxh4+ Kg4 47. Nf3 Nb5 48. h4 Nd6 49. Ke2 Nb5 50. Kd3 Kh5 51. Kc4 Nd6+ 52. Kc5 Nc8 53. Kc6 Ne7+ 54. Kd7 Nd5 55. b5 Nf6+ 56. Kc6 1-0